Nariadenia pre oblasť účtovníctva prijaté v Európskej únii s účinnosťou od 1. 1. 2019 a neskôr

Prehľad zmien v účtovnej legislatíve z dôvodu novelizácií smerníc a nariadení Európskej únie pre ich prijatie členskými štátmi EÚ do svojej účtovnej legislatívy. Nariadenia Komisie (EÚ) v súlade s nariadeniami Európskeho parlamentu a Rady z rokov 2017, 2018 a 2019 v kontexte prijímania IFRS a IAS.

Salvato in:
Dettagli Bibliografici
Autore principale: Mokošová, Daša, 1979-
Natura: Capitolo di libro
Lingua:slovacco
Soggetti:
Tags: Aggiungi Tag
Nessun Tag, puoi essere il primo ad aggiungerne!!

MARC

LEADER 00000naa a2200000 4500
001 0271259
005 20240502074250.2
041 0 |a slo 
044 |a SK 
245 1 0 |a Nariadenia pre oblasť účtovníctva prijaté v Európskej únii s účinnosťou od 1. 1. 2019 a neskôr 
520 |a Prehľad zmien v účtovnej legislatíve z dôvodu novelizácií smerníc a nariadení Európskej únie pre ich prijatie členskými štátmi EÚ do svojej účtovnej legislatívy. Nariadenia Komisie (EÚ) v súlade s nariadeniami Európskeho parlamentu a Rady z rokov 2017, 2018 a 2019 v kontexte prijímania IFRS a IAS. 
610 2 0 |a účtovníctvo 
610 2 0 |a štandardy účtovné medzinárodné 
610 2 0 |a IFRS 
610 2 0 |a novelizácia 
610 2 0 |a jednotka účtovná 
610 2 0 |a závierka účtovná 
610 2 0 |a Európska únia 
100 1 |a Mokošová, Daša, 1979-